| 000 | 01051nam a2200337 a 4500 | ||
|---|---|---|---|
| 001 | 200466463 | ||
| 003 | TR-AnTOB | ||
| 005 | 20251210142219.0 | ||
| 007 | t | ||
| 008 | 110328s2009$$$$tu#$r01###$$$$#tur u | ||
| 020 |
_a9789944109826 _cTL15 |
||
| 040 |
_btur _erda _cTR |
||
| 041 | 0 | _atur | |
| 044 | _ctu | ||
| 050 | 0 | 0 | _aHX931 |
| 090 | 0 | 0 |
_aHX931 _b.F573 2009 |
| 100 | 1 |
_aFırat, Gökçe, _d1974-. |
|
| 245 | 1 |
_aŞehidim aslanım boşuna mı öldün : _bteröre karşı yazılar/ _cGökçe Fırat. |
|
| 250 | _a2. basım | ||
| 264 | 1 |
_aİstanbul : _bİleri, _c2009. |
|
| 300 |
_a192 sayfa ; _c19 cm. |
||
| 336 |
_ametin _btxt _2rdacontent |
||
| 337 |
_aaracısız _bn _2rdamedia |
||
| 338 |
_acilt _bnc _2rdacarrier |
||
| 490 | 1 |
_aİleri Yayınları ; _v191 |
|
| 502 | _aKitap () -- İktisadi ve İdari Bilimler Fakültesi Siyaset Bilimi ve Kamu Yönetimi Bölümü, İstanbul, 2009. | ||
| 650 | 0 | _aWriting Agaınst TerrorismTeröre Karşı Yazılar | |
| 830 | 1 |
_aİleri Yayınları ; _v191 |
|
| 942 |
_2lcc _cBK |
||
| 999 |
_c200466463 _d84675 |
||